[Event "CYCC U18 w"]
[Site "Quebec CAN"]
[Date "2008.07.16"]
[Round "6"]
[White "Du, Jasmine"]
[Black "Nadeau, Gabrielle"]
[Result "1-0"]
[WhiteElo "1791"]
[BlackElo "1804"]
[PlyCount "130"]
[GameId "2160767910354322"]
[EventDate "2008.07.14"]
[EventType "match"]
[EventRounds "6"]
[EventCountry "CAN"]
[SourceTitle "EXT 2011"]
[Source "ChessBase"]
[SourceDate "2011.11.26"]
[SourceVersion "1"]
[SourceVersionDate "2011.11.26"]
[SourceQuality "1"]

1. e4 c5 2. Nf3 e6 3. d4 cxd4 4. Nxd4 a6 5. Nc3 b5 6. Be3 d6 7. f3 Bb7 8. Bd3 Nf6 9. a3 Be7 10. O-O Nbd7 11. Nce2 Rc8 12. c3 Ne5 13. Bc2 Nc4 14. Bc1 O-O 15. Ng3 Qb6 16. Kh1 a5 17. b3 Ne5 18. Bb2 Ra8 19. Rb1 Rfc8 20. Qe1 Ned7 21. Bd3 Ba6 22. Nge2 Rab8 23. Bc1 Ne5 24. Bc2 Qc7 25. Bd2 Nc6 26. Nxc6 Qxc6 27. Nd4 Qb7 28. Bd3 Qd7 29. a4 Rb6 30. axb5 e5 31. bxa6 exd4 32. cxd4 Rcb8 33. Bc4 Re8 34. Bxa5 Rbb8 35. d5 Bd8 36. Bxd8 Qxd8 37. b4 Qb6 38. b5 Rec8 39. Qe2 Nd7 40. f4 Rc5 41. Bd3 Rbc8 42. h3 h6 43. Qd2 f6 44. Rfc1 g5 45. fxg5 hxg5 46. Be2 Kg7 47. Qb2 Kg6 48. Qa3 Qa7 49. Bg4 Rxc1+ 50. Rxc1 Rxc1+ 51. Qxc1 Nc5 52. Bf5+ Kg7 53. Qa3 Kf7 54. Qa5 Ke7 55. Bc8 Nb3 56. b6 Qb8 57. Qb5 Qxc8 58. Qxb3 Qc1+ 59. Kh2 Qf4+ 60. Qg3 Qxe4 61. b7 Qb4 62. Qe3+ Kd8 63. a7 Qxb7 64. Qa3 Qa8 65. Qxd6+ Kc8 1-0

[Event "Calgary op"]
[Site "Calgary CAN"]
[Date "2008.05.16"]
[Round "1"]
[White "Donaldson, John"]
[Black "Yearwood, Roy"]
[Result "1-0"]
[WhiteElo "2414"]
[BlackElo "2062"]
[PlyCount "51"]
[GameId "2160767910354720"]
[EventDate "2008.05.16"]
[EventType "swiss"]
[EventRounds "7"]
[EventCountry "CAN"]
[SourceTitle "EXT 2011"]
[Source "ChessBase"]
[SourceDate "2011.11.26"]
[SourceVersion "1"]
[SourceVersionDate "2011.11.26"]
[SourceQuality "1"]

1. Nf3 Nc6 2. d4 d5 3. g3 Bg4 4. Bg2 Nf6 5. O-O e6 6. c4 dxc4 7. Qa4 Nd7 8. Qxc4 Nb6 9. Qd3 Bxf3 10. Bxf3 Nxd4 11. Bxb7 Rb8 12. Bg2 c5 13. Rd1 Qc7 14. Nc3 e5 15. e3 c4 16. Qe4 Ne6 17. Nb5 Qc5 18. Nxa7 Bd6 19. Qc6+ Nd7 20. Qxd6 Qxa7 21. Bc6 Rd8 22. Bd2 Qc5 23. Bb4 Qxd6 24. Rxd6 Nef8 25. Rad1 h5 26. Ba5 1-0

[Event "Calgary op"]
[Site "Calgary CAN"]
[Date "2008.05.16"]
[Round "1"]
[White "Neven, Knut"]
[Black "Kaminski, Thomas"]
[Result "1/2-1/2"]
[WhiteElo "2196"]
[BlackElo "2006"]
[PlyCount "58"]
[GameId "2160767910354723"]
[EventDate "2008.05.16"]
[EventType "swiss"]
[EventRounds "7"]
[EventCountry "CAN"]
[SourceTitle "EXT 2011"]
[Source "ChessBase"]
[SourceDate "2011.11.26"]
[SourceVersion "1"]
[SourceVersionDate "2011.11.26"]
[SourceQuality "1"]

1. d4 d5 2. c4 e6 3. Nc3 Nf6 4. Bg5 Be7 5. Nf3 O-O 6. e3 c6 7. Bd3 dxc4 8. Bxc4 Nbd7 9. O-O b5 10. Bb3 a6 11. Qe2 Bb7 12. Rfd1 h6 13. Bh4 Nd5 14. Bxe7 Qxe7 15. Rac1 Nxc3 16. Rxc3 c5 17. dxc5 Nxc5 18. Rdc1 Rac8 19. Nd2 Rfd8 20. f3 Qd6 21. Nf1 Nxb3 22. axb3 Rxc3 23. Rxc3 b4 24. Rc2 Qd3 25. Qxd3 Rxd3 26. e4 a5 27. Rc7 Ba6 28. Ra7 Rd6 29. Ne3 h5 1/2-1/2

[Event "Calgary op"]
[Site "Calgary CAN"]
[Date "2008.05.16"]
[Round "1"]
[White "Nguyen, Kim"]
[Black "Zugic, Igor"]
[Result "1/2-1/2"]
[WhiteElo "2088"]
[BlackElo "2472"]
[PlyCount "79"]
[GameId "2160767910354724"]
[EventDate "2008.05.16"]
[EventType "swiss"]
[EventRounds "7"]
[EventCountry "CAN"]
[SourceTitle "EXT 2011"]
[Source "ChessBase"]
[SourceDate "2011.11.26"]
[SourceVersion "1"]
[SourceVersionDate "2011.11.26"]
[SourceQuality "1"]

1. e4 Nf6 2. e5 Nd5 3. d4 d6 4. c4 Nb6 5. exd6 cxd6 6. Nc3 g6 7. Be3 Bg7 8. Rc1 O-O 9. b3 e5 10. dxe5 dxe5 11. c5 N6d7 12. Bc4 h6 13. Qd6 Kh7 14. h4 Nc6 15. Nf3 Nf6 16. Qxd8 Rxd8 17. Bxf7 e4 18. Nd2 Ne5 19. Bc4 Nd3+ 20. Bxd3 exd3 21. f3 Nh5 22. Nce4 Be6 23. g4 Nf6 24. Nxf6+ Bxf6 25. g5 Bb2 26. Rb1 Bc3 27. Kf2 Bd5 28. h5 hxg5 29. Rbg1 Bxd2 30. Bxd2 Rf8 31. hxg6+ Kg8 32. Rh3 Rae8 33. Be3 Re5 34. Rxg5 Rxg5 35. Bxg5 Be6 36. Rg3 Bf5 37. Be3 Rf6 38. Bd4 Ra6 39. a4 Bxg6 40. f4 1/2-1/2

[Event "Calgary op"]
[Site "Calgary CAN"]
[Date "2008.05.17"]
[Round "2"]
[White "Day, Lawrence"]
[Black "Nguyen, Kim"]
[Result "1-0"]
[WhiteElo "2265"]
[BlackElo "2088"]
[PlyCount "63"]
[GameId "2160767910354727"]
[EventDate "2008.05.16"]
[EventType "swiss"]
[EventRounds "7"]
[EventCountry "CAN"]
[SourceTitle "EXT 2011"]
[Source "ChessBase"]
[SourceDate "2011.11.26"]
[SourceVersion "1"]
[SourceVersionDate "2011.11.26"]
[SourceQuality "1"]

1. g3 c5 2. Bg2 Nc6 3. Nc3 e6 4. e4 g6 5. d3 Bg7 6. Be3 d6 7. Qd2 Rb8 8. Nh3 b5 9. O-O b4 10. Nd1 Nf6 11. Bh6 Bxh6 12. Qxh6 Ng4 13. Qd2 Rb6 14. f3 Nf6 15. Ne3 O-O 16. Nc4 Ra6 17. Qh6 Qe7 18. Ng5 Rd8 19. f4 d5 20. Ne5 Nd4 21. c3 Ne2+ 22. Kh1 dxe4 23. dxe4 bxc3 24. Ng4 Bb7 25. bxc3 Nxc3 26. Nxf6+ Qxf6 27. Qxh7+ Kf8 28. Rac1 Rxa2 29. Rxc3 Rdd2 30. Rb3 Bc6 31. Rb8+ Be8 32. e5 1-0

[Event "Calgary op"]
[Site "Calgary CAN"]
[Date "2008.05.17"]
[Round "2"]
[White "Haessel, Dale"]
[Black "Huber, Gregory"]
[Result "1-0"]
[WhiteElo "2142"]
[BlackElo "2235"]
[PlyCount "79"]
[GameId "2160767910354729"]
[EventDate "2008.05.16"]
[EventType "swiss"]
[EventRounds "7"]
[EventCountry "CAN"]
[SourceTitle "EXT 2011"]
[Source "ChessBase"]
[SourceDate "2011.11.26"]
[SourceVersion "1"]
[SourceVersionDate "2011.11.26"]
[SourceQuality "1"]

1. d4 Nf6 2. c4 e6 3. g3 c5 4. d5 exd5 5. cxd5 d6 6. Nc3 g6 7. Bg2 Bg7 8. Nf3 O-O 9. O-O a6 10. a4 Nbd7 11. Nd2 Nh5 12. h3 Rb8 13. Nc4 Ne5 14. Na3 f5 15. f4 Nxg3 16. fxe5 Nxf1 17. Qxf1 Bxe5 18. Bf4 Qf6 19. Nc4 Bd7 20. a5 Bxf4 21. Qxf4 Bb5 22. Nxd6 g5 23. Qh2 Bxe2 24. Nxe2 f4 25. Ne4 Qxb2 26. Re1 Rbe8 27. N2c3 Qb4 28. Rd1 Qxa5 29. Bf3 b5 30. d6 Qa3 31. Qg2 Kh8 32. Kh1 b4 33. Nd5 Qb3 34. Nxg5 Re5 35. h4 h6 36. Ne7 Rf6 37. d7 Qxd1+ 38. Bxd1 Re1+ 39. Kh2 Rxd1 40. Nf7+ 1-0

[Event "Calgary op"]
[Site "Calgary CAN"]
[Date "2008.05.17"]
[Round "2"]
[White "Kaminski, Victor"]
[Black "Donaldson, John"]
[Result "1/2-1/2"]
[WhiteElo "2211"]
[BlackElo "2414"]
[PlyCount "73"]
[GameId "2160767910354731"]
[EventDate "2008.05.16"]
[EventType "swiss"]
[EventRounds "7"]
[EventCountry "CAN"]
[SourceTitle "EXT 2011"]
[Source "ChessBase"]
[SourceDate "2011.11.26"]
[SourceVersion "1"]
[SourceVersionDate "2011.11.26"]
[SourceQuality "1"]

1. e4 c5 2. Nf3 g6 3. d4 Bg7 4. Nc3 cxd4 5. Nxd4 Nc6 6. Be3 Nf6 7. Nxc6 bxc6 8. e5 Ng8 9. Bd4 f6 10. f4 Qa5 11. Qe2 fxe5 12. Bxe5 Nf6 13. O-O-O O-O 14. Qc4+ Kh8 15. Bd3 d6 16. Bd4 Rb8 17. Ne4 c5 18. Bc3 Qb6 19. Nxf6 Bxf6 20. Rde1 e6 21. Bxf6+ Rxf6 22. Qc3 Kg7 23. a3 Qc7 24. Rhf1 d5 25. Qe5 Qxe5 26. fxe5 Rf7 27. Rxf7+ Kxf7 28. Rf1+ Ke7 29. c3 Bd7 30. Rf4 Bb5 31. Bxb5 Rxb5 32. Rh4 h5 33. g4 Kf7 34. gxh5 gxh5 35. Rf4+ Kg7 36. Rf6 Rb6 37. Kc2 1/2-1/2

[Event "Calgary op"]
[Site "Calgary CAN"]
[Date "2008.05.17"]
[Round "3"]
[White "Donaldson, John"]
[Black "Haessel, Dale"]
[Result "1-0"]
[WhiteElo "2414"]
[BlackElo "2142"]
[PlyCount "101"]
[GameId "2160767910354734"]
[EventDate "2008.05.16"]
[EventType "swiss"]
[EventRounds "7"]
[EventCountry "CAN"]
[SourceTitle "EXT 2011"]
[Source "ChessBase"]
[SourceDate "2011.11.26"]
[SourceVersion "1"]
[SourceVersionDate "2011.11.26"]
[SourceQuality "1"]

1. Nf3 Nf6 2. c4 g6 3. g3 Bg7 4. Bg2 O-O 5. d4 d5 6. cxd5 Nxd5 7. O-O Nb6 8. Nc3 Nc6 9. e3 Re8 10. d5 Na5 11. Nd4 Bd7 12. e4 c6 13. Bf4 cxd5 14. exd5 Rc8 15. Re1 Nbc4 16. b3 Qb6 17. Nce2 Ne5 18. Qd2 Red8 19. h3 e6 20. Be3 Qa6 21. Bh6 Bh8 22. Nc3 Nd3 23. dxe6 Bxe6 24. Nxe6 fxe6 25. Nd5 exd5 26. Re8+ Rxe8 27. Bxd5+ Re6 28. Qxd3 Rce8 29. Qxa6 bxa6 30. Rc1 Kf7 31. Rc5 Nb7 32. Bxb7 Bd4 33. Rc4 Rd6 34. Bf3 Re7 35. Kg2 Bg7 36. Bf4 Be5 37. Be3 Rd3 38. Ra4 Bb8 39. Be4 Rd1 40. Kf3 Re6 41. Ke2 Rd7 42. Bd3 Kg7 43. Bc4 Red6 44. Bxa6 Re7 45. Bc4 h5 46. h4 Rdd7 47. Kf3 Rd8 48. Ra6 Rf8+ 49. Kg2 Rd7 50. Be2 Re7 51. Bd3 1-0

[Event "Calgary op"]
[Site "Calgary CAN"]
[Date "2008.05.17"]
[Round "3"]
[White "Neven, Knut"]
[Black "Zugic, Igor"]
[Result "0-1"]
[WhiteElo "2196"]
[BlackElo "2472"]
[PlyCount "106"]
[GameId "2160767910354738"]
[EventDate "2008.05.16"]
[EventType "swiss"]
[EventRounds "7"]
[EventCountry "CAN"]
[SourceTitle "EXT 2011"]
[Source "ChessBase"]
[SourceDate "2011.11.26"]
[SourceVersion "1"]
[SourceVersionDate "2011.11.26"]
[SourceQuality "1"]

1. e4 c5 2. Nf3 d6 3. Bb5+ Nc6 4. h3 Bd7 5. O-O a6 6. Bxc6 Bxc6 7. Re1 Nf6 8. d4 cxd4 9. Qxd4 e5 10. Qd3 h6 11. c4 b5 12. Nc3 bxc4 13. Qxc4 Qd7 14. Be3 Be7 15. Rad1 Qb7 16. Nd2 O-O 17. f3 Rfc8 18. Qb3 d5 19. Qxb7 Bxb7 20. exd5 Nxd5 21. Nxd5 Bxd5 22. Nb3 Bxb3 23. axb3 Bf8 24. Bd2 f6 25. b4 Rab8 26. Ra1 Rc2 27. Bc3 Bxb4 28. Rec1 Rxc1+ 29. Rxc1 Bxc3 30. bxc3 Kf7 31. Ra1 Rb6 32. Kf2 Ke6 33. Ke3 Rc6 34. Kd3 h5 35. h4 Kf5 36. Ra4 Rb6 37. Kc2 Rd6 38. g4+ hxg4 39. fxg4+ Ke6 40. h5 f5 41. gxf5+ Kxf5 42. Ra1 e4 43. Rf1+ Kg4 44. Rg1+ Kf3 45. Rxg7 e3 46. Rg6 e2 47. Rxd6 e1=Q 48. Rd4 Qe5 49. Rd3+ Kg4 50. c4 Qxh5 51. Kb3 Qa5 52. Rd5 Qb6+ 53. Ka4 Kf4 0-1

[Event "Calgary op"]
[Site "Calgary CAN"]
[Date "2008.05.18"]
[Round "4"]
[White "Day, Lawrence"]
[Black "Donaldson, John"]
[Result "1/2-1/2"]
[WhiteElo "2265"]
[BlackElo "2414"]
[PlyCount "52"]
[GameId "2160767910354742"]
[EventDate "2008.05.16"]
[EventType "swiss"]
[EventRounds "7"]
[EventCountry "CAN"]
[SourceTitle "EXT 2011"]
[Source "ChessBase"]
[SourceDate "2011.11.26"]
[SourceVersion "1"]
[SourceVersionDate "2011.11.26"]
[SourceQuality "1"]

1. g3 c5 2. Bg2 Nc6 3. Nc3 Nf6 4. e4 g6 5. f4 d6 6. d3 Bg7 7. Nf3 O-O 8. O-O Rb8 9. h3 b5 10. a3 a5 11. Ne2 b4 12. axb4 axb4 13. g4 Bb7 14. Be3 Ra8 15. Rc1 Ra2 16. b3 Qc7 17. Qe1 Rfa8 18. f5 Rb2 19. Nf4 Nd8 20. Qh4 Raa2 21. Rf2 Qa5 22. Ne1 Ra1 23. Rxa1 Qxa1 24. Re2 Rb1 25. Bf2 Nc6 26. Kh2 Ne5 1/2-1/2

[Event "Calgary op"]
[Site "Calgary CAN"]
[Date "2008.05.18"]
[Round "4"]
[White "Zugic, Igor"]
[Black "Kaminski, Victor"]
[Result "0-1"]
[WhiteElo "2472"]
[BlackElo "2211"]
[PlyCount "108"]
[GameId "2160767910354748"]
[EventDate "2008.05.16"]
[EventType "swiss"]
[EventRounds "7"]
[EventCountry "CAN"]
[SourceTitle "EXT 2011"]
[Source "ChessBase"]
[SourceDate "2011.11.26"]
[SourceVersion "1"]
[SourceVersionDate "2011.11.26"]
[SourceQuality "1"]

1. d4 Nf6 2. Nf3 e6 3. c4 c5 4. d5 exd5 5. cxd5 d6 6. Nc3 g6 7. Bg5 Bg7 8. Nd2 h6 9. Bh4 g5 10. Bg3 Nh5 11. e3 Nxg3 12. hxg3 a6 13. a4 Nd7 14. Nc4 Ne5 15. Nxe5 Bxe5 16. Qd2 Bd7 17. a5 b5 18. axb6 Qxb6 19. f4 Bg7 20. Bd3 Ke7 21. O-O Rhb8 22. Rf2 Qxb2 23. Qxb2 Rxb2 24. Rxb2 Bxc3 25. Rba2 Bxa1 26. Rxa1 a5 27. Kf2 a4 28. Ra2 Rb8 29. Ke2 Rb4 30. Kd2 f5 31. Ra1 Kf6 32. Kc3 Rb3+ 33. Kd2 Rb2+ 34. Bc2 Rb4 35. Rf1 h5 36. Kc3 Kg6 37. Rf2 g4 38. Re2 Bb5 39. Re1 Bc4 40. e4 Kf7 41. e5 Bxd5 42. exd6 Rc4+ 43. Kd2 Rd4+ 44. Kc3 Rc4+ 45. Kd2 Be4 46. Bxe4 fxe4 47. d7 Ke7 48. Rh1 a3 49. Rxh5 Ra4 50. Rh1 a2 51. Ra1 Kxd7 52. Kc3 Ke6 53. Kb3 Ra5 54. Kb2 Kf5 0-1

[Event "Calgary op"]
[Site "Calgary CAN"]
[Date "2008.05.18"]
[Round "5"]
[White "Huber, Gregory"]
[Black "Day, Lawrence"]
[Result "0-1"]
[WhiteElo "2235"]
[BlackElo "2265"]
[PlyCount "84"]
[GameId "2160767910354751"]
[EventDate "2008.05.16"]
[EventType "swiss"]
[EventRounds "7"]
[EventCountry "CAN"]
[SourceTitle "EXT 2011"]
[Source "ChessBase"]
[SourceDate "2011.11.26"]
[SourceVersion "1"]
[SourceVersionDate "2011.11.26"]
[SourceQuality "1"]

1. c4 g6 2. g3 Bg7 3. Bg2 Nc6 4. Nc3 d6 5. d3 Bd7 6. e4 Nd4 7. Be3 c5 8. Nge2 e6 9. O-O Ne7 10. Qd2 h6 11. Rab1 a5 12. f4 Bc6 13. a4 Nb3 14. Qd1 Nd4 15. Nb5 e5 16. b3 O-O 17. fxe5 dxe5 18. Nbc3 Bd7 19. Qd2 Bg4 20. Nc1 Kh7 21. h3 Be6 22. Nd5 Bxd5 23. cxd5 Nc8 24. Ne2 Nd6 25. Rf2 Qd7 26. Kh2 f5 27. h4 fxe4 28. dxe4 Qg4 29. Nc3 Rxf2 30. Bxf2 Rf8 31. Qe3 b6 32. Rb2 h5 33. Qe1 Bh6 34. Qd1 Nf3+ 35. Bxf3 Rxf3 36. Qe1 Rd3 37. Rc2 Qf3 38. Kg1 Bd2 39. Rxd2 Rxc3 40. Qf1 Nxe4 41. Rd1 Nd6 42. Qh3 Nf5 0-1

[Event "Calgary op"]
[Site "Calgary CAN"]
[Date "2008.05.18"]
[Round "5"]
[White "Kaminski, Victor"]
[Black "Haessel, Dale"]
[Result "1/2-1/2"]
[WhiteElo "2211"]
[BlackElo "2142"]
[PlyCount "37"]
[GameId "2160767910354752"]
[EventDate "2008.05.16"]
[EventType "swiss"]
[EventRounds "7"]
[EventCountry "CAN"]
[SourceTitle "EXT 2011"]
[Source "ChessBase"]
[SourceDate "2011.11.26"]
[SourceVersion "1"]
[SourceVersionDate "2011.11.26"]
[SourceQuality "1"]

1. c4 Nf6 2. Nc3 d5 3. cxd5 Nxd5 4. g3 g6 5. Bg2 Nxc3 6. bxc3 Bg7 7. Nf3 O-O 8. d4 c5 9. O-O Nc6 10. e3 Be6 11. Ba3 cxd4 12. cxd4 Qa5 13. Qc1 Rac8 14. Qb2 Bd5 15. Rac1 b6 16. Rfe1 Be4 17. Nd2 Bxg2 18. Kxg2 Rfd8 19. f4 1/2-1/2

[Event "Calgary op"]
[Site "Calgary CAN"]
[Date "2008.05.18"]
[Round "5"]
[White "Yearwood, Roy"]
[Black "Zugic, Igor"]
[Result "0-1"]
[WhiteElo "2062"]
[BlackElo "2472"]
[PlyCount "70"]
[GameId "2160767910354756"]
[EventDate "2008.05.16"]
[EventType "swiss"]
[EventRounds "7"]
[EventCountry "CAN"]
[SourceTitle "EXT 2011"]
[Source "ChessBase"]
[SourceDate "2011.11.26"]
[SourceVersion "1"]
[SourceVersionDate "2011.11.26"]
[SourceQuality "1"]

1. Nc3 c5 2. a3 d5 3. e4 d4 4. Nce2 e5 5. Ng3 Be6 6. Bb5+ Nd7 7. Nf3 Bd6 8. O-O h6 9. b4 Qb6 10. Qe2 Ngf6 11. c3 dxc3 12. dxc3 Qc7 13. Nh4 g6 14. h3 O-O-O 15. Be3 Kb8 16. Rfc1 Be7 17. Nf3 Nf8 18. Nf1 Bc8 19. N1d2 Nh5 20. Nc4 Nf4 21. Qc2 f6 22. Na5 g5 23. Nb3 N8e6 24. Bf1 g4 25. hxg4 h5 26. g5 fxg5 27. Nxc5 Nxc5 28. bxc5 g4 29. Ne1 h4 30. Nd3 Nxd3 31. Bxd3 g3 32. Rab1 Bxc5 33. Ba6 Ka8 34. Bf1 h3 35. gxh3 Rdg8 0-1

[Event "Calgary op"]
[Site "Calgary CAN"]
[Date "2008.05.19"]
[Round "6"]
[White "Day, Lawrence"]
[Black "Kaminski, Victor"]
[Result "0-1"]
[WhiteElo "2265"]
[BlackElo "2211"]
[PlyCount "65"]
[GameId "2160767910354758"]
[EventDate "2008.05.16"]
[EventType "swiss"]
[EventRounds "7"]
[EventCountry "CAN"]
[SourceTitle "EXT 2011"]
[Source "ChessBase"]
[SourceDate "2011.11.26"]
[SourceVersion "1"]
[SourceVersionDate "2011.11.26"]
[SourceQuality "1"]

1. g3 d5 2. Bg2 c5 3. d3 Nc6 4. Nd2 e5 5. e4 d4 6. Ne2 g6 7. O-O Bg7 8. f4 Nge7 9. Nf3 Bg4 10. h3 Bxf3 11. Bxf3 O-O 12. f5 Nc8 13. Bd2 Nd6 14. a3 b5 15. Qb1 c4 16. Qa2 a5 17. Nc1 Qb6 18. Kh2 Ra7 19. Be2 Rb8 20. fxg6 hxg6 21. Bg5 a4 22. Bf3 Qc5 23. Bd2 b4 24. axb4 Nxb4 25. Qa3 Qb6 26. Bd1 Bf8 27. Bxb4 Qxb4 28. Qxb4 Rxb4 29. b3 axb3 30. Rxa7 b2 31. Na2 b1=Q 32. Nxb4 Qxb4 33. Rc7 0-1

[Event "Calgary op"]
[Site "Calgary CAN"]
[Date "2008.05.19"]
[Round "6"]
[White "Zugic, Igor"]
[Black "Donaldson, John"]
[Result "0-1"]
[WhiteElo "2472"]
[BlackElo "2414"]
[PlyCount "66"]
[GameId "2160767910354763"]
[EventDate "2008.05.16"]
[EventType "swiss"]
[EventRounds "7"]
[EventCountry "CAN"]
[SourceTitle "EXT 2011"]
[Source "ChessBase"]
[SourceDate "2011.11.26"]
[SourceVersion "1"]
[SourceVersionDate "2011.11.26"]
[SourceQuality "1"]

1. e4 c5 2. Nf3 g6 3. d4 cxd4 4. Nxd4 Nc6 5. Nc3 Bg7 6. Nb3 Nf6 7. Be2 O-O 8. O-O a5 9. a4 Nb4 10. f4 Qb6+ 11. Kh1 d6 12. Ra3 Bd7 13. Bf3 Rac8 14. Bd2 Be6 15. Re1 Rfd8 16. Be3 Qc7 17. Nd4 Bc4 18. Qd2 e5 19. Ndb5 Bxb5 20. axb5 d5 21. b6 Qc4 22. exd5 Nfxd5 23. Nxd5 Nxd5 24. Rd3 e4 25. b3 Bc3 26. bxc4 Bxd2 27. Bxd2 exd3 28. Bxd5 dxc2 29. Kg1 a4 30. Kf1 Rxc4 31. Bxc4 Rxd2 32. Be2 a3 33. Ra1 a2 0-1

[Event "Calgary op"]
[Site "Calgary CAN"]
[Date "2008.05.19"]
[Round "7"]
[White "Day, Lawrence"]
[Black "Haessel, Dale"]
[Result "1-0"]
[WhiteElo "2265"]
[BlackElo "2142"]
[PlyCount "37"]
[GameId "2160767910354764"]
[EventDate "2008.05.16"]
[EventType "swiss"]
[EventRounds "7"]
[EventCountry "CAN"]
[SourceTitle "EXT 2011"]
[Source "ChessBase"]
[SourceDate "2011.11.26"]
[SourceVersion "1"]
[SourceVersionDate "2011.11.26"]
[SourceQuality "1"]

1. e4 e5 2. f4 d5 3. exd5 exf4 4. Nf3 c6 5. d4 Bd6 6. Nc3 Ne7 7. dxc6 Nbxc6 8. Bb5 O-O 9. O-O Bg4 10. Ne2 Ng6 11. c3 Re8 12. Kh1 a6 13. Bd3 Qf6 14. Qe1 Nce7 15. Qf2 Nf5 16. Nfg1 Qe7 17. Nxf4 Ne3 18. Nxg6 hxg6 19. Bxe3 1-0

[Event "Calgary op"]
[Site "Calgary CAN"]
[Date "2008.05.19"]
[Round "7"]
[White "Donaldson, John"]
[Black "Huber, Gregory"]
[Result "1/2-1/2"]
[WhiteElo "2414"]
[BlackElo "2235"]
[PlyCount "25"]
[GameId "2160767910354765"]
[EventDate "2008.05.16"]
[EventType "swiss"]
[EventRounds "7"]
[EventCountry "CAN"]
[SourceTitle "EXT 2011"]
[Source "ChessBase"]
[SourceDate "2011.11.26"]
[SourceVersion "1"]
[SourceVersionDate "2011.11.26"]
[SourceQuality "1"]

1. Nf3 c5 2. c4 Nf6 3. Nc3 e6 4. g3 b6 5. Bg2 Bb7 6. O-O a6 7. d4 cxd4 8. Qxd4 d6 9. Rd1 Be7 10. Bg5 Nbd7 11. Qd2 O-O 12. Bf4 Ne8 13. Rac1 1/2-1/2

[Event "Calgary op"]
[Site "Calgary CAN"]
[Date "2008.05.19"]
[Round "7"]
[White "Kaminski, Victor"]
[Black "Gardner, Robert"]
[Result "0-1"]
[WhiteElo "2211"]
[BlackElo "2180"]
[PlyCount "66"]
[GameId "2160767910354766"]
[EventDate "2008.05.16"]
[EventType "swiss"]
[EventRounds "7"]
[EventCountry "CAN"]
[SourceTitle "EXT 2011"]
[Source "ChessBase"]
[SourceDate "2011.11.26"]
[SourceVersion "1"]
[SourceVersionDate "2011.11.26"]
[SourceQuality "1"]

1. d4 Nf6 2. Nf3 e6 3. g3 d5 4. Bg2 Bd6 5. O-O Nbd7 6. c4 c6 7. b3 Ne4 8. Bb2 f5 9. Nbd2 O-O 10. Qc2 Rf6 11. Ne5 Rh6 12. Nxd7 Bxd7 13. c5 Bc7 14. f4 Qe8 15. e3 Qh5 16. Nxe4 dxe4 17. h3 g5 18. Rae1 gxf4 19. exf4 Kf7 20. Re3 Rg8 21. b4 Rhg6 22. Qb3 Qh6 23. Rf2 Bd8 24. Kh2 Bf6 25. Bf1 Qg7 26. Rd2 Bc8 27. a4 h5 28. Bc4 h4 29. g4 Rxg4 30. hxg4 Qxg4 31. Qc3 Qxf4+ 32. Kh1 Bg5 33. Ree2 Qf1+ 0-1

[Event "Canada Day op"]
[Site "Toronto CAN"]
[Date "2008.06.28"]
[Round "3"]
[White "Jackiw, Mark"]
[Black "Bercovici, Mark"]
[Result "1-0"]
[WhiteElo "1589"]
[BlackElo "1544"]
[PlyCount "35"]
[GameId "2160767910354412"]
[EventDate "2008.06.28"]
[EventType "swiss"]
[EventRounds "6"]
[EventCountry "CAN"]
[SourceTitle "EXT 2011"]
[Source "ChessBase"]
[SourceDate "2011.11.26"]
[SourceVersion "1"]
[SourceVersionDate "2011.11.26"]
[SourceQuality "1"]

1. c4 e5 2. Nf3 Nc6 3. Nc3 Nf6 4. g3 d5 5. d4 dxc4 6. d5 e4 7. Qa4 Bd7 8. Nxe4 Nxe4 9. dxc6 Bxc6 10. Qxc4 Bc5 11. e3 a5 12. a3 Bb6 13. Bg2 Bd5 14. Qc2 O-O 15. O-O Ng5 16. Nxg5 Qxg5 17. e4 Bc6 18. Bxg5 1-0

[Event "Canada Day op"]
[Site "Toronto CAN"]
[Date "2008.07.01"]
[Round "4"]
[White "Jackiw, Mark"]
[Black "Bellomo, Joe"]
[Result "1-0"]
[WhiteElo "1589"]
[BlackElo "1694"]
[PlyCount "59"]
[GameId "2160767910354413"]
[EventDate "2008.06.28"]
[EventType "swiss"]
[EventRounds "6"]
[EventCountry "CAN"]
[SourceTitle "EXT 2011"]
[Source "ChessBase"]
[SourceDate "2011.11.26"]
[SourceVersion "1"]
[SourceVersionDate "2011.11.26"]
[SourceQuality "1"]

1. c4 Nf6 2. f4 e6 3. Nf3 b6 4. d3 Bb7 5. e4 d6 6. Be2 Be7 7. Nc3 O-O 8. h3 Nbd7 9. Be3 Nh5 10. g4 Ng3 11. Rg1 Nxe2 12. Qxe2 Bh4+ 13. Kd2 Be7 14. f5 Ne5 15. Ng5 Bxg5 16. Bxg5 f6 17. Be3 Qd7 18. d4 Nf7 19. d5 exd5 20. cxd5 c5 21. Qg2 Rae8 22. g5 Nxg5 23. h4 Nxe4+ 24. Nxe4 Re5 25. Bh6 Rxd5+ 26. Kc3 Rd3+ 27. Kxd3 Qb5+ 28. Ke3 Rf7 29. Nxf6+ Kf8 30. Bxg7+ 1-0

[Event "Canada Day op"]
[Site "Toronto CAN"]
[Date "2008.06.29"]
[Round "5"]
[White "Day, Lawrence"]
[Black "Calugar, Arthur"]
[Result "1/2-1/2"]
[WhiteElo "2307"]
[BlackElo "2049"]
[PlyCount "64"]
[GameId "2160767910354414"]
[EventDate "2008.06.28"]
[EventType "swiss"]
[EventRounds "6"]
[EventCountry "CAN"]
[SourceTitle "EXT 2011"]
[Source "ChessBase"]
[SourceDate "2011.11.26"]
[SourceVersion "1"]
[SourceVersionDate "2011.11.26"]
[SourceQuality "1"]

1. g3 g6 2. Bg2 Bg7 3. Nc3 c5 4. d3 Nc6 5. e4 d6 6. Nh3 e5 7. O-O Nge7 8. f4 h5 9. f5 gxf5 10. Bg5 f6 11. Bh4 Nd4 12. Ne2 Nxe2+ 13. Qxe2 Qb6 14. Bf3 fxe4 15. Bxh5+ Kd8 16. Nf2 exd3 17. cxd3 Nf5 18. Ne4 Nxh4 19. gxh4 Bh3 20. Rf3 Bd7 21. Rg3 c4+ 22. Kh1 cxd3 23. Rxd3 Bb5 24. Nxd6 Bxd3 25. Qxd3 Rxh5 26. Nf5+ Kc7 27. Rc1+ Kb8 28. Qd7 a6 29. Qe8+ Ka7 30. Qxh5 Qxb2 31. Qd1 Bf8 32. Rb1 Qa3 1/2-1/2